<?xml version="1.0" encoding="UTF-8"?>
<collection xmlns="http://www.loc.gov/MARC21/slim">
<record>
  <controlfield tag="001">2440</controlfield>
  <controlfield tag="005">20160701171705.0</controlfield>
  <datafield tag="037" ind1=" " ind2=" ">
    <subfield code="a">ASTROimport-597</subfield>
  </datafield>
  <datafield tag="100" ind1=" " ind2=" ">
    <subfield code="a">Verschueren, W.</subfield>
  </datafield>
  <datafield tag="260" ind1=" " ind2=" ">
    <subfield code="c">1991</subfield>
  </datafield>
  <datafield tag="245" ind1=" " ind2=" ">
    <subfield code="a">Towards accurate radial velocities from early type spectra in the framework of an ESO key programme</subfield>
  </datafield>
  <datafield tag="520" ind1=" " ind2=" ">
    <subfield code="a">In order to elucidate the internal kinematics in very young stellar groups, a dedicated machinery was set up, which made it possible to proceed from actual observations to reductions and correlation analysis to the ultimate derivation of early-type stellar radial velocities (RVs) with the requisite precision. The following ingredients are found to be essential to obtain RVs of early-type stars at the 1-km/s level of precision: high-resolution, high-S/N spectra covering a large wavelength range; maximal reduction of observational errors and the use of optimal reduction procedures; the intelligent use of a versatile cross-correlation package; and comparison of velocities derived from different regions of the spectrum in order to detect systematic mismatches between object and template spectrum in some of the lines. </subfield>
  </datafield>
  <datafield tag="700" ind1=" " ind2=" ">
    <subfield code="a"> David, M.</subfield>
  </datafield>
  <datafield tag="700" ind1=" " ind2=" ">
    <subfield code="a"> Hensberge, H.</subfield>
  </datafield>
  <datafield tag="773" ind1=" " ind2=" ">
    <subfield code="p">Memorie della Societa Astronomica Italiana</subfield>
    <subfield code="v">62</subfield>
    <subfield code="y">1991</subfield>
    <subfield code="c">953-958</subfield>
  </datafield>
  <datafield tag="856" ind1="4" ind2="2">
    <subfield code="a">http://esoads.eso.org/abs/1991MmSAI..62..953V</subfield>
  </datafield>
  <datafield tag="905" ind1=" " ind2=" ">
    <subfield code="a">published in</subfield>
  </datafield>
  <datafield tag="980" ind1=" " ind2=" ">
    <subfield code="a">NONREF</subfield>
  </datafield>
</record>
</collection>